Die okkulten Wurzeln des Nationalsozialismus / Nicholas Goodrick-Clarke ; aus dem englischen übertragen von Susanne Mörth
Record details
- ISBN: 3-7020-0795-4 (váz.)
- Physical Description: 261 s., [16] s. obr. příl. : il. ; 24 cm
- Publisher: Graz : Stocker, 2000, c1997
Content descriptions
| General Note: | Původně vyšlo v angličtině pod názvem: The occult roots of Nazism |
| Bibliography, etc. Note: | Obsahuje bibliografii a rejstřík |
Available copies
- 1 of 1 copy available at Common Catalog SPOK.
Holds
- 0 current holds with 1 total copy.
Show Only Available Copies
| Location | Call Number / Copy Notes | Barcode | Shelving Location | Status | Due Date |
|---|---|---|---|---|---|
| Terezin Initiative Institute | 1576 | 4594301576 | Knihovna ITI | Available | - |
| LDR | 01557cam a2200433 a 4500 | ||
|---|---|---|---|
| 001 | 25942 | ||
| 003 | CZ-PrJAB | ||
| 005 | 20221026113709.0 | ||
| 008 | 030627t20001997au a gr 001 0 ger | ||
| 020 | . | ‡a3-7020-0795-4 (váz.) | |
| 035 | . | ‡a(CONS)748 | |
| 035 | . | ‡a(CZ PrSKC)zpk20031255979 | |
| 035 | . | ‡a(OCoLC)41931726 | |
| 040 | . | ‡bcze ‡cOCLC ‡dABA001 | |
| 041 | 1 | . | ‡ager ‡heng |
| 080 | . | ‡a133 ‡2MRF | |
| 080 | . | ‡a329.18 ‡2MRF | |
| 080 | . | ‡a(430) ‡2MRF | |
| 080 | . | ‡a(436) ‡2MRF | |
| 080 | . | ‡a(048.8) ‡2MRF | |
| 100 | 1 | . | ‡aGoodrick-Clarke, Nicholas ‡4aut |
| 245 | 1 | 4. | ‡aDie okkulten Wurzeln des Nationalsozialismus / ‡cNicholas Goodrick-Clarke ; aus dem englischen übertragen von Susanne Mörth |
| 260 | . | ‡aGraz : ‡bStocker, ‡c2000, c1997 | |
| 300 | . | ‡a261 s., [16] s. obr. příl. : ‡bil. ; ‡c24 cm | |
| 500 | . | ‡aPůvodně vyšlo v angličtině pod názvem: The occult roots of Nazism | |
| 504 | . | ‡aObsahuje bibliografii a rejstřík | |
| 852 | 4 | . | ‡bJACH-ITI ‡bJACH-ITI ‡cKnihovna ITI ‡j1576 ‡p1576 ‡y$0.00 |
| 910 | . | ‡aABE340 ‡b1576 | |
| 995 | . | ‡askok | |
| 901 | . | ‡a25942 ‡bISxN ‡c25942 ‡tbiblio | |